| 000 | 00644nam a2200193Ia 4500 | ||
|---|---|---|---|
| 003 | GCL | ||
| 008 | 140319s9999 xx 000 0 ara d | ||
| 040 |
_aGCL / _cGCL |
||
| 082 | 0 | 4 |
_a415.1 _bس ن |
| 100 | 1 | _aسعيد حسن بحيرى | |
| 245 | 1 | 0 |
_aنظرية التبعية فى التحليل النحوى / _cسعيد حسن بحيرى |
| 260 |
_a[S.N] : _bمكتبة الانجلوالمصرية ، _c1988 |
||
| 300 | _a441 ص | ||
| 490 |
_aسلسلة الدراسات فى عالم اللغة التطبيقى _v0 |
||
| 650 | 0 | 4 | _aالنحو |
| 650 | 0 | 4 | _aاللغة العربية |
| 650 | 0 | 4 | _aالنظريات |
| 942 |
_2ddc _cBK |
||
| 999 |
_c32301 _d32301 |
||